|
|
|
|
| LEADER |
00000cam a2200000 i 4500 |
| 001 |
1/6041 |
| 008 |
960621s1980 gr | ||| |||| ||gre|| |
| 035 |
|
|
|l 10016216
|
| 040 |
|
|
|a GR-MY-UA
|b gre
|e aacr
|
| 041 |
0 |
|
|a gre
|
| 082 |
7 |
|
|a 938.72
|2 (22)
|
| 100 |
1 |
|
|a Κουρτιάν, Ανζέλ,
|d 1912-1991.
|
| 245 |
1 |
3 |
|a Τα τετράδια της Ανζέλ Κουρτιάν :
|b μνήμες από τη Μικρασία, 1915-1924 /
|c Ανζέλ Κουρτιάν ; επιμέλεια: Κατερίνα Πλασσαρά.
|
| 250 |
|
|
|a 3η έκδ.
|
| 260 |
|
|
|a Αθήνα :
|b Πλέθρον,
|c 1980.
|
| 300 |
|
|
|a 266 σ. :
|b εικ. ;
|c 21 εκ.
|
| 650 |
|
0 |
|a Armenians
|z Turkey
|x Biography.
|
| 650 |
|
0 |
|a Armenian Genocide, 1915-1923
|z Turkey.
|
| 700 |
1 |
|
|a Πλασσαρά, Κατερίνα,
|d 1939-
|e edt
|
| 852 |
|
|
|a INST
|b LESVOS
|e 19960621
|h 938.72 KOY
|p 005100010435
|q 005100010435
|t BK
|y 0
|
| 970 |
|
|
|z 1999/08/06
|a ΚΑΜΑΤΣΟΥ
|b ΔΕΣΠΟΙΝΑ
|